01013nam a2200253 a 450000100060000000300090000600500170001500800410003203500200007304000350009304100080012808200260013624501950016226000310035730000250038850000190041350500140043265000630044665000220050970000490053194200120058099900170059295201500060961133BD-RjUL 20211209080927.0170115s1938 enk 001 0 eng d a(BD-RjUL) 61257 aBD-RjULcBD-RjULdBD-RjULbeng aeng 223a820.071bMAC 193800aMacmillan's teaching in practice for seniors :ban encyclopaedia of modern methods of teaching in the senior school /cwritten by recognised authorities in education and edited by E.J.S. Lay aLondon :bMacmillan,c1938 a v. :bill. ;c25 cm aIncludes index0 aVol. 1 -- 0aEnglish literaturexStudy and teaching (Secondary)9182429 0aTeaching.91797581 aLay, E. J. S.q(Edward John Stanley)9182430 2ddccBK c61133d61133 00102ddc40718NFICaRUCLbRUCLcReadingd1956-01-30eSimpkin Marshallg7.00l0o820.071 MAC V-1 1938r2017-01-15 00:00:00tC-1w2017-01-15yBK